Bài giảng lịch sử thế giới cổ trung đại 1

Bài giảng cung cấp kiến thức về lịch sử thế giới cổ trung đại theo quan điểm duy vật của chủ nghĩa Mác - Lênin. Bài giảng gồm ba chương giới thiệu lịch sử xã hội nguyên thủy trên thế giới, lịch sử chế độ CHNL phương Đông gồm Ai Cập, L...

ver descrição completa

Na minha lista:
Detalhes bibliográficos
Autor principal: Nguyễn, Thị Ngọc Nhung
Formato: Livro
Idioma:Undetermined
Publicado em: Cần Thơ Trường Đại học Cần Thơ 2000
Assuntos:
Tags: Adicionar Tag
Sem tags, seja o primeiro a adicionar uma tag!
Thư viện lưu trữ: Trung tâm Học liệu Trường Đại học Cần Thơ
LEADER 01227nam a2200205Ia 4500
001 CTU_38434
008 210402s9999 xx 000 0 und d
082 |a 930 
082 |b Nh513/T.1 
100 |a Nguyễn, Thị Ngọc Nhung 
245 0 |a Bài giảng lịch sử thế giới cổ trung đại 1 
245 0 |c Nguyễn Thị Ngọc Nhung (Biên soạn) 
260 |a Cần Thơ 
260 |b Trường Đại học Cần Thơ 
260 |c 2000 
520 |a Bài giảng cung cấp kiến thức về lịch sử thế giới cổ trung đại theo quan điểm duy vật của chủ nghĩa Mác - Lênin. Bài giảng gồm ba chương giới thiệu lịch sử xã hội nguyên thủy trên thế giới, lịch sử chế độ CHNL phương Đông gồm Ai Cập, Lưỡng Hà và các nước Trung Cận Đông, Ấn Độ, Trung Quốc. Lịch sử chế độ CHNL phương Tây gồm lịch sử Hy Lạp và La Mã. 
650 |a History, ancient,Middle ages,World history 
650 |x History 
904 |i Thùy Trang (sửa) 
980 |a Trung tâm Học liệu Trường Đại học Cần Thơ